000 00577nam a2200229Ia 4500
003 OSt
005 20221002050625.0
006 a|||||r|||| 00| 0
007 ta
008 220930b |||||||| |||| 00| 0 eng d
024 _a16771
037 _cReference Collections
040 _aCRL
_cCRL
_beng
041 _2eng
_aeng
082 _az1n, G7(RR)
245 0 _aFolk lore and fable
260 _aNew York
_bP. F. Collier
_c1937
300 _a361p.
_ccm.
650 _aGENERALIA
942 _hz1n, G7(RR)
_cref
_2CC
999 _c915052
_d915052